Estructura social y medios masivos de comunicación /

Gorde:
Xehetasun bibliografikoak
Egile nagusia: Gandásegui H, Marco A.
Formatua: Texto
Etiketak: Etiketa erantsi
Etiketarik gabe, Izan zaitez lehena erregistro honi etiketa jartzen!

MARC

LEADER 00000 a a2200000 04500
001 2629
003
040
100 |a Gandásegui H, Marco A.  
245 |a Estructura social y medios masivos de comunicación /  |c Marco A. Gandásegui H 
500 |a También EN: Avances de Investigación (UCR. FCS. IIS), número 16, 1976, 55 p # acceso CIDCACS: 12228.00  
773 |g número 96; páginas 35-53  
999 |c 29937  |d 29937